| 000 | 00582nam a2200193Ia 4500 | ||
|---|---|---|---|
| 003 | GCL | ||
| 008 | 140319s9999 xx 000 0 ara d | ||
| 040 |
_aGCL / _cGCL |
||
| 082 | 0 | 4 |
_a823.03 _bب م |
| 100 | 1 | _aصبرى الفضل | |
| 245 | 1 | 0 |
_aمرتفعات وذرينج / _cصبرى الفضل |
| 700 | 1 | _aبرونتى اميلى | |
| 260 |
_aبيروت : _bدار البحار ، _c1997 |
||
| 300 | _a367 ص | ||
| 490 |
_aسلسلة مكتبة الاسرة _v0 |
||
| 650 | 0 | 4 | _aالقصص الانجليزية |
| 650 | 0 | 4 | _aالادب الانجليزى |
| 942 |
_2ddc _cBK |
||
| 999 |
_c50181 _d50181 |
||